ՀՀ Գիտությունների ազգային ակադեմիայի հիմնարար գիտական գրադարան  =   Fundamental Scientific Library of NAS RA
Normal view MARC view

Entry Personal Name

Number of records used in: 2

001 - CONTROL NUMBER

  • control field: 1045

003 - CONTROL NUMBER IDENTIFIER

  • control field: AM-YEHGA

005 - DATE AND TIME OF LATEST TRANSACTION

  • control field: 20250617070425.0

008 - FIXED-LENGTH DATA ELEMENTS

  • fixed length control field: 041118 a|ac|n|aab||||||||||||a |n|||||||

040 ## - CATALOGING SOURCE

  • Original cataloging agency: AM-YEHGA

100 1# - HEADING--PERSONAL NAME

  • Personal name: Հեքեքյան, Հակոբ Տիգրանի,
  • Dates associated with a name: 1923-2000

400 1# - SEE FROM TRACING--PERSONAL NAME

  • Personal name: Հեքեքյան, Հակոբ Տիգրանի,
  • Dates associated with a name: 1923-2000

400 1# - SEE FROM TRACING--PERSONAL NAME

  • Personal name: Հեքեքյան, Հակոբ,
  • Dates associated with a name: 1923-2000

400 1# - SEE FROM TRACING--PERSONAL NAME

  • Personal name: Հեքեքյան, Հ.
  • Fuller form of name: (Հակոբ),
  • Dates associated with a name: 1923-2000

400 1# - SEE FROM TRACING--PERSONAL NAME

  • Personal name: Екекян, Акоп Тигранович,
  • Dates associated with a name: 1923-2000

400 1# - SEE FROM TRACING--PERSONAL NAME

  • Personal name: Hekekyan, Hakob Tigrani,
  • Dates associated with a name: 1923-2000

670 ## - SOURCE DATA FOUND

  • Source citation: Հայաստանի հանրապետութիւն, օրաթերթ, 22 փետր. 2000 :
  • Information found: էջ 7 (Հակոբ Տիգրանի Հեքեքյան : [(1923, Երևան - փետր. 2000, Երևան) (Մահախոսական)։ լուսանկարիչ-լրագրող։ Հայաստանում ՏԱՍՍ-ի, ԱՊՆ-ի թղթակից։ «Երևան», «Էջմիածին» ալբոմների հեղ.])

670 ## - SOURCE DATA FOUND

  • Source citation: Էջմիածին = Etchmiadzin : Ալբոմ, 1962 :
  • Information found: տիտղթ. (Նկ.՝ Հ. Հեքեքյան)


ՀՀ ԳԱԱ հիմնարար գիտական գրադարան
ՀՀ,Երևան 0019
Մարշալ Բաղրամյան 24/6
հեռախոս:(374-10) 52-47-50
Հետադարձ կապ

All site content, except where otherwise noted, is licensed under a
Creative Commons License